Sports Quiz

Random Sports or Football Quiz

SSC Napoli Squad '10-11' Quiz Stats

 Plays Quiz not verified by Sporcle

Support Sporcle.
Go Orange.
Score 0/27 Timer 05:00
0 Plays Today
Position Player Name % Correct
ForwardEdinson Cavani
90.4%
ForwardEzequiel Lavezzi
90.4%
MidfielderMarek Hamsik
88.5%
DefenderPaolo Cannavaro
81.8%
MidfielderChristian Maggio
71.8%
MidfielderWalter Gargano
67.9%
DefenderSalvatore Aronica
62.7%
DefenderHugo Campagnaro
62.2%
DefenderJuan Camilo Zuniga
59.8%
DefenderAndrea Dossena
57.4%
GoalkeeperGennaro Iezzo
56%
DefenderGianluva Grava
52.2%
GoalkeeperMorgan De Sanctis
51.2%
ForwardCristiano Lucarelli
48.3%
Position Player Name % Correct
MidfielderMichele Pazienza
44.5%
ForwardGiuseppe Mascara
39.2%
GoalkeeperMatteo Gianello
38.8%
DefenderFabiano Santacroce
38.8%
MidfielderHassan Yebda
32.1%
MidfielderJose Ernesto Sosa
32.1%
ForwardNicolao Dumitru
28.7%
GoalkeeperLuigi Sepe
27.8%
MidfielderManuele Blasi
27.8%
MidfielderLuigi Vitale
26.8%
DefenderVictor Ruiz
25.8%
DefenderEmilson Cribari
23.9%
MidfielderRaffaele Maiello
21.1%

You're not logged in!

Compare scores with friends on all Sporcle quizzes.
OR
Log In

From the Vault

Any NFL Team Besides the Bears

by sathyamc

No one compares to Da Bears.
Remove Ads.
Support Sporcle.
Get the best of Sporcle when you Go Orange. This ad-free experience offers more features, more stats, and more fun while also helping to support Sporcle. Thank you for becoming a member.

Show Comments

Extras

Top Quizzes Today


Score Distribution

Your Account Isn't Verified!

In order to create a playlist on Sporcle, you need to verify the email address you used during registration. Go to your Sporcle Settings to finish the process.

Report this User

Report this user for behavior that violates our Community Guidelines.

Details: